Guess the airport by IATA Codes - Statistics

General Stats
  • This quiz has been taken 62 times
  • The average score is 6 of 15
Answer Stats
Hint Answer % Correct
DXB Dubai
98%
MIA Miami
98%
YYZ Toronto
94%
BRU Brussels
83%
NRT Narita
68%
PNH Phnom Penh
38%
RTM Rotterdam
32%
RAK Marrakesh
28%
BKO Bamako
15%
CDT Benlloch
0%
LYS Colombier-Saugnieu
0%
CMB Katunayake
0%
BSB Lago Sul
0%
YYY Mont-Joli
0%
BLB Panama
0%
No matching quizzes found
Score Distribution
Percent of People with Each Score
Percentile by Number Answered
Your Score History
You have not taken this quiz